<?xml version="1.0" encoding="UTF-8"?>
<record
    xmlns:xsi="http://www.w3.org/2001/XMLSchema-instance"
    xsi:schemaLocation="http://www.loc.gov/MARC21/slim http://www.loc.gov/standards/marcxml/schema/MARC21slim.xsd"
    xmlns="http://www.loc.gov/MARC21/slim">

  <leader>00993    a2200241   4500</leader>
  <datafield tag="999" ind1=" " ind2=" ">
    <subfield code="c">1571</subfield>
    <subfield code="d">1571</subfield>
  </datafield>
  <controlfield tag="005">20190423120715.0</controlfield>
  <datafield tag="010" ind1=" " ind2=" ">
    <subfield code="a">HIN-79324,  B-237111</subfield>
  </datafield>
  <datafield tag="020" ind1=" " ind2=" ">
    <subfield code="c">175.00</subfield>
    <subfield code="a">8177210920</subfield>
  </datafield>
  <datafield tag="035" ind1=" " ind2=" ">
    <subfield code="a">HN-51670</subfield>
  </datafield>
  <datafield tag="035" ind1=" " ind2=" ">
    <subfield code="a">B-237086, B-237100</subfield>
  </datafield>
  <datafield tag="035" ind1=" " ind2=" ">
    <subfield code="a">B-237107 ,B-237082</subfield>
  </datafield>
  <datafield tag="035" ind1=" " ind2=" ">
    <subfield code="a">B-237109, B-237111,  B-237112</subfield>
  </datafield>
  <datafield tag="037" ind1=" " ind2=" ">
    <subfield code="b">D.B.Act / pub</subfield>
  </datafield>
  <datafield tag="082" ind1=" " ind2=" ">
    <subfield code="a">303.484</subfield>
  </datafield>
  <datafield tag="100" ind1=" " ind2=" ">
    <subfield code="a">&#x905;&#x917;&#x94D;&#x930;&#x93E;&#x935;&#x932;, &#x90F;.&#x90F;&#x928;.</subfield>
  </datafield>
  <datafield tag="245" ind1=" " ind2=" ">
    <subfield code="a">&#x90F;&#x915; &#x939;&#x91C;&#x93E;&#x930;(1000) &#x917;&#x93E;&#x902;&#x927;&#x940; &#x92A;&#x94D;&#x930;&#x936;&#x94D;&#x928;&#x94B;&#x924;&#x94D;&#x924;&#x930;&#x940;</subfield>
    <subfield code="c">&#x90F;.&#x90F;&#x928;.&#x905;&#x917;&#x94D;&#x930;&#x935;&#x93E;&#x932;</subfield>
  </datafield>
  <datafield tag="246" ind1=" " ind2=" ">
    <subfield code="a">1000 Gandhi prashnottari</subfield>
    <subfield code="b">by A. N. Aggarwal</subfield>
  </datafield>
  <datafield tag="260" ind1=" " ind2=" ">
    <subfield code="a">&#x926;&#x93F;&#x932;&#x94D;&#x932;&#x940;</subfield>
    <subfield code="b">&#x938;&#x924;&#x94D;&#x938;&#x93E;&#x939;&#x93F;&#x924;&#x94D;&#x92F; &#x92A;&#x94D;&#x930;&#x915;&#x93E;&#x936;&#x928;</subfield>
    <subfield code="c">2007</subfield>
  </datafield>
  <datafield tag="270" ind1=" " ind2=" ">
    <subfield code="a">205-&#x938;&#x940; &#x91A;&#x93E;&#x935;&#x921;&#x93C;&#x940; &#x92C;&#x93E;&#x91C;&#x93E;&#x930;</subfield>
    <subfield code="b">&#x926;&#x93F;&#x932;&#x94D;&#x932;&#x940;</subfield>
    <subfield code="e">110006</subfield>
  </datafield>
  <datafield tag="300" ind1=" " ind2=" ">
    <subfield code="a">191&#x92A;&#x943;</subfield>
    <subfield code="c">22 &#x938;&#x947;&#x92E;&#x940; (&#x938;&#x91C;&#x93F;&#x932;&#x94D;&#x926;)</subfield>
  </datafield>
  <datafield tag="942" ind1=" " ind2=" ">
    <subfield code="a">dpl</subfield>
    <subfield code="c">HN</subfield>
    <subfield code="k">303.484 / &#x905;&#x917;&#x94D;&#x930;&#x935;&#x93E;</subfield>
    <subfield code="2">ddc</subfield>
    <subfield code="h">303.484</subfield>
    <subfield code="m">&#x905;&#x917;&#x94D;&#x930;&#x935;&#x93E;</subfield>
  </datafield>
  <datafield tag="952" ind1=" " ind2=" ">
    <subfield code="0">0</subfield>
    <subfield code="1">0</subfield>
    <subfield code="4">0</subfield>
    <subfield code="7">0</subfield>
    <subfield code="a">DBAD</subfield>
    <subfield code="b">DBAD</subfield>
    <subfield code="d">2008-09-09</subfield>
    <subfield code="g">175.00</subfield>
    <subfield code="l">0</subfield>
    <subfield code="o">303.484 &#x905;&#x917;&#x94D;&#x930;&#x935;&#x93E;</subfield>
    <subfield code="p">HN-51670</subfield>
    <subfield code="r">2008-09-15 00:00:00</subfield>
    <subfield code="t">1</subfield>
    <subfield code="u">1650</subfield>
    <subfield code="v">175.00</subfield>
    <subfield code="w">2008-09-15</subfield>
    <subfield code="y">HN</subfield>
  </datafield>
  <datafield tag="952" ind1=" " ind2=" ">
    <subfield code="0">0</subfield>
    <subfield code="1">0</subfield>
    <subfield code="4">0</subfield>
    <subfield code="7">0</subfield>
    <subfield code="8">NFIC</subfield>
    <subfield code="a">ZLS</subfield>
    <subfield code="b">ZLS</subfield>
    <subfield code="d">2012-02-17</subfield>
    <subfield code="g">175.00</subfield>
    <subfield code="l">1</subfield>
    <subfield code="o">303.484 &#x905;&#x917;&#x94D;&#x930;&#x935;&#x93E;</subfield>
    <subfield code="p">B-237086</subfield>
    <subfield code="r">2022-02-22 00:00:00</subfield>
    <subfield code="s">2022-02-04</subfield>
    <subfield code="v">175.00</subfield>
    <subfield code="w">2012-02-17</subfield>
    <subfield code="y">HN</subfield>
  </datafield>
  <datafield tag="952" ind1=" " ind2=" ">
    <subfield code="0">0</subfield>
    <subfield code="1">0</subfield>
    <subfield code="4">0</subfield>
    <subfield code="7">0</subfield>
    <subfield code="8">NFIC</subfield>
    <subfield code="a">ZLS</subfield>
    <subfield code="b">ZLS</subfield>
    <subfield code="d">2012-02-17</subfield>
    <subfield code="g">175.00</subfield>
    <subfield code="l">1</subfield>
    <subfield code="o">303.484 &#x905;&#x917;&#x94D;&#x930;&#x935;&#x93E;</subfield>
    <subfield code="p">B-237107</subfield>
    <subfield code="r">2020-07-28 00:00:00</subfield>
    <subfield code="s">2020-03-07</subfield>
    <subfield code="v">175.00</subfield>
    <subfield code="w">2012-02-17</subfield>
    <subfield code="y">HN</subfield>
    <subfield code="z">Withdrwan List Prepared List No. 29/12</subfield>
  </datafield>
  <datafield tag="952" ind1=" " ind2=" ">
    <subfield code="0">0</subfield>
    <subfield code="1">0</subfield>
    <subfield code="4">0</subfield>
    <subfield code="7">0</subfield>
    <subfield code="8">NFIC</subfield>
    <subfield code="a">ZLS</subfield>
    <subfield code="b">ZLS</subfield>
    <subfield code="d">2012-02-17</subfield>
    <subfield code="g">175.00</subfield>
    <subfield code="l">0</subfield>
    <subfield code="o">303.484 &#x905;&#x917;&#x94D;&#x930;&#x935;&#x93E;</subfield>
    <subfield code="p">B-237109</subfield>
    <subfield code="r">2012-02-17 00:00:00</subfield>
    <subfield code="v">175.00</subfield>
    <subfield code="w">2012-02-17</subfield>
    <subfield code="y">HN</subfield>
  </datafield>
  <datafield tag="952" ind1=" " ind2=" ">
    <subfield code="0">0</subfield>
    <subfield code="1">0</subfield>
    <subfield code="4">0</subfield>
    <subfield code="7">0</subfield>
    <subfield code="8">NFIC</subfield>
    <subfield code="a">TN</subfield>
    <subfield code="b">TN</subfield>
    <subfield code="d">2018-08-28</subfield>
    <subfield code="e">BPPD/PUB</subfield>
    <subfield code="g">175.00</subfield>
    <subfield code="l">0</subfield>
    <subfield code="o">303.484 &#x905;&#x917;&#x94D;&#x930;&#x935;&#x93E;</subfield>
    <subfield code="p">B-237082</subfield>
    <subfield code="r">2018-08-28 00:00:00</subfield>
    <subfield code="v">175.00</subfield>
    <subfield code="w">2018-08-28</subfield>
    <subfield code="y">HN</subfield>
  </datafield>
  <datafield tag="952" ind1=" " ind2=" ">
    <subfield code="0">0</subfield>
    <subfield code="1">0</subfield>
    <subfield code="4">0</subfield>
    <subfield code="7">0</subfield>
    <subfield code="8">NFIC</subfield>
    <subfield code="a">RC</subfield>
    <subfield code="b">RC</subfield>
    <subfield code="d">2018-11-12</subfield>
    <subfield code="g">175.00</subfield>
    <subfield code="l">0</subfield>
    <subfield code="o">303.484 &#x905;&#x917;&#x94D;&#x930;&#x935;&#x93E;</subfield>
    <subfield code="p">B-237112</subfield>
    <subfield code="r">2018-11-12 00:00:00</subfield>
    <subfield code="v">175.00</subfield>
    <subfield code="w">2018-11-12</subfield>
    <subfield code="y">HN</subfield>
  </datafield>
  <datafield tag="952" ind1=" " ind2=" ">
    <subfield code="0">0</subfield>
    <subfield code="1">0</subfield>
    <subfield code="4">0</subfield>
    <subfield code="7">0</subfield>
    <subfield code="8">NFIC</subfield>
    <subfield code="a">RC</subfield>
    <subfield code="b">RC</subfield>
    <subfield code="d">2018-11-17</subfield>
    <subfield code="g">175.00</subfield>
    <subfield code="l">0</subfield>
    <subfield code="o">303.484 &#x905;&#x917;&#x94D;&#x930;&#x935;&#x93E;</subfield>
    <subfield code="p"> B-237111</subfield>
    <subfield code="r">2018-11-17 00:00:00</subfield>
    <subfield code="t">1.</subfield>
    <subfield code="v">175.00</subfield>
    <subfield code="w">2018-11-17</subfield>
    <subfield code="y">HN</subfield>
  </datafield>
  <datafield tag="952" ind1=" " ind2=" ">
    <subfield code="0">0</subfield>
    <subfield code="1">0</subfield>
    <subfield code="4">0</subfield>
    <subfield code="7">0</subfield>
    <subfield code="8">NFIC</subfield>
    <subfield code="a">BL4</subfield>
    <subfield code="b">BL4</subfield>
    <subfield code="d">2019-04-23</subfield>
    <subfield code="e">BPPD/PUB</subfield>
    <subfield code="g">175.00</subfield>
    <subfield code="l">0</subfield>
    <subfield code="o">303.484 &#x905;&#x917;&#x94D;&#x930;&#x935;&#x93E;</subfield>
    <subfield code="p">B-237100</subfield>
    <subfield code="r">2019-04-23 00:00:00</subfield>
    <subfield code="v">175.00</subfield>
    <subfield code="w">2019-04-23</subfield>
    <subfield code="y">HN</subfield>
  </datafield>
</record>
